[Event "RUS Fed Internet Cup Final 5'"]
[Site "chessassistantclub.com INT"]
[Date "2004.12.28"]
[Round "16"]
[White "Grischuk, Alexander"]
[Black "Kharlov, Andrei"]
[Result "1-0"]
[WhiteElo "2704"]
[BlackElo "2613"]
[PlyCount "157"]
[EventDate "2004.12.28"]
[EventType "tourn (blitz)"]
[EventRounds "19"]
[EventCountry "RUS"]
[EventCategory "15"]
[SourceTitle "CBM 104 ext"]
[Source "ChessBase"]
[SourceDate "2005.03.01"]
[SourceVersion "1"]
[SourceVersionDate "2005.03.01"]
[SourceQuality "1"]

1. e4 e5 2. Nf3 Nc6 3. Bb5 Nf6 4. d3 Ne7 5. O-O Ng6 6. d4 Be7 7. Re1 exd4 8. e5
Nd5 9. Qxd4 c6 10. Bc4 Nb6 11. Bb3 O-O 12. Nc3 d5 13. exd6 Qxd6 14. Qxd6 Bxd6
15. Be3 Bg4 16. Ng5 h6 17. Nge4 Be7 18. Bc5 Rae8 19. h3 Bf5 20. Nd6 Bxd6 21.
Bxd6 Rxe1+ 22. Rxe1 Rd8 23. Bc5 Nc8 24. g4 Bd7 25. Kh2 Nf4 26. Kg3 Ne6 27. Be3
Re8 28. Rd1 Nf8 29. Na4 Be6 30. Nc5 Bxb3 31. axb3 b6 32. Nd3 Rd8 33. b4 Ne6 34.
Ra1 f6 35. f4 Kf7 36. Kf3 Nc7 37. h4 Nd5 38. Bf2 Rd7 39. f5 Nd6 40. b3 Ne7 41.
Nf4 h5 42. Nxh5 g6 43. fxg6+ Nxg6 44. Bd4 Ne8 45. c3 Rc7 46. Kg3 c5 47. bxc5
bxc5 48. Bf2 Ne5 49. Nf4 Rd7 50. Bxc5 Nc6 51. b4 Nc7 52. c4 a6 53. g5 Ne5 54.
gxf6 Nxc4 55. Be7 Ne3 56. Kf3 Ned5 57. Bc5 Nxf6 58. Re1 Nb5 59. Ne6 Rd3+ 60.
Kg2 Nd5 61. Ng5+ Kg6 62. Rf1 Nbc3 63. Nf3 Kh5 64. Ne5 Rd2+ 65. Kh3 Re2 66. Rf5+
Kh6 67. Ng4+ Kg6 68. Rg5+ Kf7 69. Rf5+ Ke6 70. Rf3 Ne4 71. Nf2 Nxf2+ 72. Bxf2
Nxb4 73. h5 Nd3 74. Bg3 Ne5 75. Rf8 Nf7 76. Re8+ Kf5 77. Rxe2 Ng5+ 78. Kg2 a5
79. Ra2 1-0

[Event "Moscow Aeroflot op-A"]
[Site "Moscow"]
[Date "2005.02.15"]
[Round "1"]
[White "Kharlov, Andrei"]
[Black "Romanishin, Oleg"]
[Result "1-0"]
[WhiteElo "2614"]
[BlackElo "2558"]
[PlyCount "157"]
[EventDate "2005.02.15"]
[EventType "swiss"]
[EventRounds "9"]
[EventCountry "RUS"]
[SourceTitle "CBM 106"]
[Source "ChessBase"]
[SourceDate "2005.06.06"]
[SourceVersion "1"]
[SourceVersionDate "2005.06.06"]
[SourceQuality "1"]

1. e4 e5 2. Nf3 Nc6 3. Bb5 a6 4. Ba4 Nf6 5. O-O Be7 6. Re1 b5 7. Bb3 d6 8. c3
O-O 9. d4 Bg4 10. Be3 exd4 11. cxd4 Na5 12. Bc2 c5 13. h3 Bxf3 14. Qxf3 cxd4
15. Bxd4 Nc6 16. Be3 Nb4 17. Bb3 Nd3 18. Re2 Ne5 19. Qf4 Nd3 20. Qh2 Rc8 21.
Nc3 Nxb2 22. Bd4 Nc4 23. Rd1 b4 24. Na4 Qa5 25. Qg3 Qb5 26. Ree1 Nh5 27. Qf3
Nf6 28. Qe2 Rfe8 29. Nb6 Nxb6 30. Qxb5 axb5 31. Bxb6 Nd7 32. Ba5 Nc5 33. Bxb4
Bf8 34. Bd5 g6 35. Re3 Ne6 36. g3 Red8 37. Ra3 Nc7 38. Bb3 d5 39. Bxf8 Kxf8 40.
exd5 Ne8 41. Ra6 Nd6 42. Kg2 h5 43. Kf3 Rc3+ 44. Kf4 Rc7 45. Re1 Nc4 46. Rd1
Nb2 47. Rd2 Nc4 48. Rd4 Rc5 49. Ke4 Re8+ 50. Kf3 Rd8 51. d6 Kg7 52. Kg2 Ne5 53.
Ra7 Nc4 54. Rf4 Nxd6 55. Bxf7 Kh6 56. Rf6 Nxf7 57. Rfxf7 Rh8 58. h4 Rc2 59. Kh3
b4 60. f4 Rc5 61. Rfb7 Rc4 62. Rb6 Rd8 63. Raa6 Rg8 64. f5 Rg4 65. Kg2 Kh7 66.
Ra7+ Rg7 67. fxg6+ Kh6 68. Ra8 R7xg6 69. Rh8+ Kg7 70. Rxg6+ Rxg6 71. Rxh5 Ra6
72. Rb5 Rxa2+ 73. Kh3 Rb2 74. h5 b3 75. Kg4 Rb1 76. Kg5 b2 77. Rb7+ Kg8 78. g4
Kf8 79. h6 1-0

[Event "Moscow Aeroflot op-A"]
[Site "Moscow"]
[Date "2005.02.16"]
[Round "2"]
[White "Kurnosov, Igor"]
[Black "Kharlov, Andrei"]
[Result "0-1"]
[WhiteElo "2538"]
[BlackElo "2614"]
[Annotator "Gofshtein,L"]
[PlyCount "88"]
[EventDate "2005.02.15"]
[EventType "swiss"]
[EventRounds "9"]
[EventCountry "RUS"]
[SourceTitle "CBM 106"]
[Source "ChessBase"]
[SourceDate "2005.06.06"]
[SourceVersion "1"]
[SourceVersionDate "2005.06.06"]
[SourceQuality "1"]

1. e4 c5 2. Nf3 e6 3. d4 cxd4 4. Nxd4 Nc6 5. Nc3 d6 6. g4 {White's plan is to
occupy space on the kingside} a6 7. Be3 Nge7 8. Nb3 {White removes the knight
from the centre in order to prevent exchanges} (8. Qe2 Nxd4 9. Bxd4 Nc6 10. Be3
Be7 (10... b5 $5 11. O-O-O Qa5 12. Kb1 b4 13. Nd5 $13) 11. O-O-O b5 12. f4 Qa5
13. Qf2 Rb8 14. Kb1 O-O 15. g5 Bd7 16. h4 Rfc8 17. h5 Nb4 $132) 8... b5 (8...
Ng6 9. Qe2 Be7 10. O-O-O b5 11. f4 h6 12. Qf2 Bd7 13. Kb1 Rb8 14. Be2 Na5 15.
Nxa5 Qxa5 16. Bd3 $14 {Bologan,V-Frolov,A URS-ch58 (07) 1991 1-0 41}) 9. Qe2 $6
{9.f4 deserved attention with the idea to take the e5 square from the black
knight.} (9. Qd2 Ne5) (9. f4 $5) 9... Ne5 $5 {[%cal Re5c4] Black had a decent
counterplay also after 9...Na5 as the game given below shows.} (9... Na5 $5 10.
Bg2 Bb7 11. Nxa5 Qxa5 12. f4 Nc6 13. O-O Be7 14. g5 Qc7 15. Qf2 Bd8 16. Ne2 O-O
17. h4 Ne7 18. c3 f5 19. gxf6 Rxf6 $132 {1/2-1/2 Lanka,Z-Yermolinsky,A/Luzern
1993/CBM 038 (27)}) 10. a4 $146 {A novelty. After 10.f4 black gets a fine
counterplay.} (10. f4 Nc4 11. O-O-O Bd7 (11... Qc7 12. Rd4 $6 (12. Bg2 $13)
12... Bb7 13. Rxc4 $2 bxc4 14. Qxc4 Qxc4 15. Bxc4 Nc6 $17 {0-1 Shirov,A-Salov,
V/Linares 1993/CBM 034/[Boensch,U] (40)}) 12. Bf2 Qc7 13. Nd4 Rc8 14. Rd3 g6
15. h4 Bg7 {0-1 Zhang Zhong-Navara,D/Mallorca 2004/CBM 104 no vc (32)}) (10.
Nd2 b4 11. Na4 Bd7 12. b3 Bb5 $132 {1-0 Fontaine,R-Kelly,B/Zagan 1997/CBM 059
ext (54)}) 10... b4 11. Na2 Bb7 {[%cal Rb7e4] Attacking the e4 pawn and
receiving counterplay.} 12. Bg2 N7c6 {An immideate 12...a5 deserved attention
with a further transfer of the bishop to a6.} (12... a5 $5 13. f4 Ba6 14. Qd1
Nc4 $17) 13. O-O-O (13. g5 a5 {[%cal Rb7a6]}) 13... Qh4 {[%cal Rh4g4,Re5g4]
This way black prevents from white to advance pawns on the kingside.} 14. h3 a5
{[%cal Gb7a6] A typical plan for this kind of position. Black prepares to put
his bishop on a6.} 15. f4 Ba6 16. Qf2 Qxf2 17. Bxf2 Nc4 18. Kb1 {[%cal Ra2c1]
White frees the c1 square for his knight on a2, which is out of play.} g5 {
[%mdl 512]} 19. Nd4 $6 {It was essential to accept the challenge and to take
the pawn 19.gf and as the variations show, white is better.} (19. fxg5 $5 Bg7 {
[%cal Rc4b2]} 20. Nd2 $1 Nxb2 (20... N6e5 21. Nxc4 Nxc4 22. b3 Na3+ 23. Kc1 Rc8
) 21. e5 Nxd1 22. Bxc6+ Kf8 23. Rxd1 $16) 19... Nxd4 20. Bxd4 e5 21. fxe5 dxe5
22. Bf2 Be7 {A bad bishop on g2, a control over the c-file and a weakness on
e4 give black an advantage.} 23. Nc1 h5 {[%cal Rh8h1] Undermining white's pawn
chain and activizing the passive rook on h8.} 24. Nd3 hxg4 25. hxg4 Rxh1 26.
Rxh1 O-O-O {Bringing the rook to the game and trying to corrupt white's pawn
structure with b4-b3.} 27. Kc1 b3 28. cxb3 Rxd3 29. bxc4 Bb4 {[%mdl 512] Black
sacrifices a pawn and is trying to complicate the game. In case of 29...Bc4 a
draw is the most likely result.} (29... Bxc4 30. Bf1 Rf3 31. Bxc4 Rxf2 32. Rh7
$11) 30. c5 $2 {White doesn't handle the pressure and makes a mistake. It was
necessary to play 30.Rh2.} (30. Rh2 $5 Kd7 (30... Rd2 31. Bf1 Kd7 32. Bg1 Rxh2
33. Bxh2) 31. Bf1 Rf3 32. Be2 Rf4 33. b3 f6 34. Kd1 $11) 30... Rd2 $1 {Further
activizing his pieces.} 31. Bf1 Be2 $1 $17 {[%csl Re4,Gg4]} 32. Bxe2 Rxe2 {
[%cal Re2e4,Re2f2]} 33. Bg3 Rxe4 {Despite the material equality black has trhe
initiative as the white pawns (g4 and c5) are very weak.} 34. Rf1 {[%cal Rf1f7]
} Re3 35. Bh2 f6 {The pawn on f6 is untouchable, as if white takes it, he
loses his bishop.} 36. Kb1 Rh3 {Black takes advantage of the bad position of
the white bishop.} 37. Rf2 (37. Bg1 Rh1 $19) 37... Kc7 38. c6 Kxc6 (38... Rh4)
39. Rxf6+ Kd5 40. Rf2 e4 {Black is totally dominating.} 41. Kc2 e3 $19 {
Further restricting the white pieces and improving the position of his king.}
42. Re2 Ke4 43. Bc7 Rh6 44. Kd1 Rh1+ {White resigned as after the retreat of
the king 45...Kf3 decides.} 0-1

[Event "Moscow Aeroflot op-A"]
[Site "Moscow"]
[Date "2005.02.17"]
[Round "3"]
[White "Kharlov, Andrei"]
[Black "Lugovoi, Aleksei"]
[Result "1-0"]
[WhiteElo "2614"]
[BlackElo "2552"]
[PlyCount "117"]
[EventDate "2005.02.15"]
[EventType "swiss"]
[EventRounds "9"]
[EventCountry "RUS"]
[SourceTitle "CBM 106"]
[Source "ChessBase"]
[SourceDate "2005.06.06"]
[SourceVersion "1"]
[SourceVersionDate "2005.06.06"]
[SourceQuality "1"]

1. c4 e6 2. Nc3 d5 3. d4 c5 4. e3 Nf6 5. Nf3 Nc6 6. cxd5 exd5 7. Bb5 Bd6 8.
dxc5 Bxc5 9. O-O O-O 10. b3 Bg4 11. Bb2 Qd6 12. Na4 Bb4 13. Bxf6 Qxf6 14. Qxd5
Rfd8 15. Qe4 Bf5 16. Qh4 Qxh4 17. Nxh4 Be4 18. Nf3 Rac8 19. Rad1 h6 20. Be2 Kf8
21. Nb2 Bc3 22. Nc4 Ke7 23. Rxd8 Rxd8 24. Rc1 Bf6 25. Ncd2 Bh7 26. Kf1 Rd5 27.
e4 Ra5 28. a4 a6 29. g3 Kf8 30. Ne1 Nd8 31. f4 Be7 32. Nd3 b5 33. Bd1 bxa4 34.
bxa4 f5 35. Nc4 fxe4 36. Nxa5 exd3 37. Rb1 Ne6 38. Rb8+ Kf7 39. Bb3 Bf5 40. Nc4
Kf6 41. Ne3 Bh3+ 42. Ke1 Bd6 43. Bxe6 Bxe6 44. Rb1 Bc5 45. Kd2 Bd7 46. Ra1 g5
47. fxg5+ Kxg5 48. Kxd3 a5 49. Rf1 Bb4 50. Ra1 Be6 51. Rb1 Bd7 52. Rxb4 axb4
53. a5 Bb5+ 54. Kc2 Be2 55. Kb3 Kf6 56. Kxb4 h5 57. Kc5 Ke5 58. Nc4+ Kf5 59. a6
1-0

[Event "Moscow Aeroflot op-A"]
[Site "Moscow"]
[Date "2005.02.18"]
[Round "4"]
[White "Kharlov, Andrei"]
[Black "Ivanchuk, Vassily"]
[Result "1-0"]
[WhiteElo "2614"]
[BlackElo "2711"]
[Annotator "Finkel,A"]
[PlyCount "117"]
[EventDate "2005.02.15"]
[EventType "swiss"]
[EventRounds "9"]
[EventCountry "RUS"]
[SourceTitle "CBM 106"]
[Source "ChessBase"]
[SourceDate "2005.06.06"]
[SourceVersion "1"]
[SourceVersionDate "2005.06.06"]
[SourceQuality "1"]

1. d4 d5 2. Nf3 c5 3. c3 a5 $5 {It's not a very common situation when one of
the players comes up with the novelty on move 3, but for Ivanchuk is not a
common person!} (3... Nc6 4. dxc5 a5 5. a4 (5. e4 dxe4 (5... e6 6. exd5 exd5 7.
Be3 Nf6 8. Bb5 Bd7 9. O-O Be7 10. Nbd2 O-O 11. Qa4 $16 {Almasi,I-Dao Thien Hai/
Budapest 1994}) 6. Qxd8+ Kxd8 7. Ng5 Ke8 8. Nxe4 f5 9. Ng5 Nf6 10. Bc4 Ne5 11.
Ne6 Ra7 12. Bb5+ Bd7 13. Na3 $16 {Nikolic,S-Marjanovic,S/Pancevo 1987}) (5. Bf4
f6 6. Be3 e5 7. g3 Nge7 8. Bg2 Nf5 9. Qc1 Nxe3 10. Qxe3 Qe7 $11 {Fischdick,
G-Nikolaiczuk,L/Germany 1987}) (5. Nd4 e5 6. Nxc6 bxc6 7. b4 Ba6 8. g3 g6 9.
Bg2 Bg7 10. Qa4 Ne7 $15 {Dolgitser,K-La Marca,E/Mineola 1994}) 5... e6 6. Bg5
Nf6 7. e4 dxe4 8. Qxd8+ Nxd8 9. Nfd2 Bxc5 $6 10. Bxf6 gxf6 11. Nxe4 Be7 12. Na3
$14 {Mamedyarov,S-Azmaiparashvili,Z/Benidorm 2003}) 4. dxc5 Nf6 5. c4 (5. e4
Nxe4 $5 (5... dxe4 6. Qxd8+ Kxd8 7. Ng5 Ke8 8. Nd2 (8. Bc4 e6 9. Nd2 e3 10.
Nde4 exf2+ 11. Kxf2 Na6 $13) 8... Bf5 9. Bb5+ Nc6 10. f3 exf3 11. Ngxf3 Bd7 $13
) 6. Bb5+ Bd7 7. Qxd5 Bxb5 8. Qxe4 Bc6 $44) 5... e6 6. cxd5 Bxc5 7. Qc2 (7.
dxe6 $4 Bxf2+ $19) 7... Bb4+ $5 (7... Qxd5 8. Nc3 Qh5 9. Bg5 Nbd7 10. e3 O-O
$11) 8. Bd2 exd5 9. Bxb4 axb4 $11 {[%csl Gc3] Both players played an opening
in a very creative fashion. Arising position is equal, but a full of life.} 10.
Nbd2 Nc6 11. Nb3 (11. e3 d4 12. Nxd4 Nxd4 13. exd4 O-O 14. Be2 Qxd4 15. Nf3 $11
) 11... Bg4 12. g3 Rc8 (12... Bxf3 13. exf3 O-O 14. Be2 Rc8 15. O-O Ne5 16. Qd2
Qb6 17. Qd4 $11) 13. Qd1 (13. Qd3 $5) 13... O-O 14. Bg2 Qb6 15. O-O Rfd8 16.
Qd2 h6 17. Rfd1 (17. Rad1 Ra8) 17... Ne4 18. Qe1 d4 19. Nc1 (19. Nfxd4 $2 Nxd4
20. Bxe4 Nxe2+ 21. Kg2 f5 22. f3 (22. Bd5+ $2 Rxd5 23. Rxd5 Qc6 24. Qd2 Rd8 25.
Rd1 Nf4+ $1 $19 {[%csl Rd5][%cal Gg4d1]}) 22... fxe4 23. fxg4 Rc2 $19 {[%csl
Rg2]}) 19... Nc5 20. Nd3 Nxd3 (20... Bxf3 21. Bxf3 Nxd3 22. exd3 b3 23. axb3
Qxb3 24. Qd2 $11) 21. Rxd3 Ra8 22. Rd2 $5 {[%csl Ga2][%cal Gb2b3,Gd2a2]} Ra5
23. Qd1 Be6 24. b3 Bf5 25. h3 (25. Ne1) 25... Be4 26. Ne1 Bxg2 27. Kxg2 Rc5 28.
Nf3 Rc3 29. Qb1 $1 {[%csl Rd4][%cal Gb1e4]} Qa5 $6 (29... d3 $5 30. exd3 Qb5
31. d4 $140 $6 Rxf3 32. Kxf3 Nxd4+ 33. Rxd4 Rxd4 34. Kg2 Qd5+ 35. Kg1 Rd2 36.
Qe1 $11) 30. Qe4 $1 Rxb3 31. Rad1 $6 (31. axb3 $1 Qxa1 32. e3 Qc3 (32... dxe3
$2 33. Rxd8+ Nxd8 34. Qe8+ Kh7 35. Qxd8 $18) 33. Rd3 (33. exd4 Qxb3 34. d5 Na5
35. Qe7 Rf8 36. Rd4 $36) 33... Qc5 34. Nxd4 Qd6 35. Rd2 $14) 31... Ra3 32. Nxd4
Qd5 (32... Nxd4 $2 33. Rxd4 Rxd4 34. Rxd4 Rxa2 35. Qd3 $1 $18 {[%csl Rg8]}) 33.
Qxd5 Rxd5 34. Nb3 Re5 (34... Rxd2 35. Rxd2 f5 36. Kf1 {[%cal Gf1b1]} Kf7 37.
Ke1 g5 38. Kd1 Ke7 39. Kc1 Ne5 40. Kb1 $14) 35. Rc2 Na5 36. Rd3 Re8 37. Rf3 Nc6
38. Rd3 Rea8 39. Rdd2 Na5 40. Nd4 b3 (40... Nc6 $5) 41. axb3 Nxb3 42. Nxb3 Rxb3
43. Rd7 $14 {[%csl Rb7,Rf7]} Rb5 (43... b5 44. Rcc7 Rf8 45. Rb7 h5 46. Rd5 g6
47. Rbxb5 Rxb5 48. Rxb5 Kg7 $11) 44. Rcc7 Rf8 45. Re7 b6 46. Rb7 Rc5 47. Rxb6
h5 48. Rb4 g6 49. Rf4 Kg7 50. e4 Rc4 51. Rf3 Ra4 52. g4 hxg4 53. hxg4 Kh6 $2 (
53... g5) 54. Kg3 f6 $2 {[%csl Rh5]} (54... Kg7 55. g5) 55. Rb3 $18 {[%csl Rh6]
[%cal Gg3f4,Gb3h3]} Rc8 56. Kf4 g5+ 57. Kf5 Ra5+ 58. e5 Rxe5+ 59. Kxf6 1-0

[Event "Moscow Aeroflot op-A"]
[Site "Moscow"]
[Date "2005.02.19"]
[Round "5"]
[White "Bologan, Viorel"]
[Black "Kharlov, Andrei"]
[Result "1/2-1/2"]
[WhiteElo "2683"]
[BlackElo "2614"]
[Annotator "Ribli"]
[PlyCount "75"]
[EventDate "2005.02.15"]
[EventType "swiss"]
[EventRounds "9"]
[EventCountry "RUS"]
[SourceTitle "CBM 106"]
[Source "ChessBase"]
[SourceDate "2005.06.06"]
[SourceVersion "1"]
[SourceVersionDate "2005.06.06"]
[SourceQuality "1"]

1. d4 Nf6 2. c4 e6 3. Nf3 d5 4. Nc3 dxc4 {Mit Schwarz spielt Kharlov gerne das
Angenommene Damengambit.} 5. e4 {Statt dieser natürlichen Fortsetzung kann
Weiß 4.e3 ziehen, und das Angenommene Damengambit einleiten.} Bb4 6. Bg5 c5 7.
e5 {Heutzutage wird dieser Zug weniger gespielt; die Hauptfortsetzung ist 7.
Bxc4.} h6 (7... cxd4 8. Qa4+ (8. Nxd4 Qa5) 8... Nc6 9. O-O-O Bd7 10. Ne4 Be7
11. exf6 gxf6 12. Bh4 Rc8 $13) 8. exf6 hxg5 9. fxg7 Rg8 10. dxc5 (10. Qc2 cxd4
11. Qh7 Ke7 12. O-O-O Bxc3 13. bxc3 Qa5 14. Qxg8 Qxc3+ 15. Kb1 Qb4+ 16. Kc2
Qc3+ {1/2-1/2 Van Wely,L-Naiditsch,A/Bundesliga/2004/05}) 10... Qxd1+ 11. Rxd1
Rxg7 12. Rd4 (12. Bxc4 Nc6 (12... Nd7 $5 13. c6 bxc6 14. O-O $11) 13. O-O Bxc5
14. Ne4 Be7 15. g4 Bd7 16. Nd6+ Bxd6 17. Rxd6 Ke7 18. Rfd1 Be8 {1/2-1/2 Goldin,
A-Nielsen,P/Moscow 2001/CBM 86/[Heine Nielsen] (35)}) (12. h4 g4 13. Nd2 Nd7
14. Nxc4 Nxc5 15. Rd4 Ke7 16. Ne5 Bxc3+ 17. bxc3 g3 18. h5 Bd7 19. h6 {1/2-1/2
Knott,S-Rowson,J/Torquay 2002/CBM 91 (56)}) 12... Bxc3+ {[%mdl 4] Schwarz
nimmt nicht den c5-Bauern, da er das Läuferpaar aufgeben würde. Mit dem
Textzug verschlechtert er darüber hinaus die weiße Bauernstruktur.} (12... Bxc5
13. Rg4 (13. Rxc4 Nd7 14. Rg4 Be7 15. h4 f5 16. Rg3 g4 17. Nd4 Nb6 $11 {
1-0 Williams,S-Shchekachev,A/Salzburg 2004/CBM 102 ext/(47)}) 13... Bd7 14.
Bxc4 Be7 (14... f6 $5 15. h4 Rh7 {[%cal Gh7h1]} 16. Re4 Kf7 17. Nd4 Bxd4 18.
Rxd4 Ke7 $11) 15. h4 f5 16. Rxg5 $1 Bxg5 17. hxg5 Ke7 18. Rh8 $44 {[%csl Ra8,
Rb8][%cal Gh8a8] 1-0 Chiburdanidze,M-Schenk,A/Lippstadt 2003/CBM 097/[Ribli] 
(35)}) 13. bxc3 Nc6 (13... Bd7 $6 14. Ne5 Bc6 15. h4 $16) 14. Rg4 (14. Rxc4 e5
$44) 14... f6 15. h4 Rh7 {[%cal Gh7h1]} (15... e5 16. Rxc4 (16. hxg5 $6 Bxg4
17. Rh8+ Ke7 18. gxf6+ Kxf6 19. Rxa8 Bxf3 20. gxf3 Rg1 $15) 16... Rh7 17. Bd3
Rh6 {Auf diese Weise ist mit Zugumstellung die Partiefortsetzung erreicht.})
16. Rxc4 (16. Bxc4 e5 17. Rg3 Bf5 $44) 16... e5 17. Bd3 Rh6 18. h5 Be6 $44 {
Schwarz hat einen Bauern weniger, aber seine Stellung ist gesund; hingegen ist
die weiße Bauernstruktur am Damenflügel schlecht.} 19. Bg6+ Kd7 {Der König
strebt nach c7.} 20. Ra4 Rah8 {Jetzt droht 21...Rxg6 mit Figurengewinn.} 21.
Ke2 Kc7 {[%csl Gc7] Wieder droht 22...Rxg6. Alles ist verteidigt in der
schwarze Stellung; der entfernte weiße Freibauer auf h5 stellt keine Gefahr
dar.} (21... Rxg6 $2 22. Rd1+ $18) 22. Rd1 Rd8 23. Rxd8 Nxd8 (23... Kxd8 24. g4
$14) 24. Rxa7 (24. g4 $2 Bd7 {[%csl Ra4][%cal Gd7a4,Gd7g4]}) 24... Bg4 {
Schwarz gewinnt den h5-Bauern zurück.} 25. Ke3 Bxh5 26. Bf5 (26. Bxh5 Rxh5 $44)
26... Nc6 $11 {[%cal Gc6e7,Ge7f5] Schwarz bereitet 27...Ne7 vor, um den weißen
Läufer von f5 zu verjagen und seine Bauern am Königsflügel zu mobilisieren.}
27. Ra8 {Droht einzügiges Matt 28.Rc8#.} Ne7 28. Be6 Bxf3 29. Kxf3 {[%mdl 4096]
} f5 {[%csl Ge5,Gf5,Gg5]} 30. Bb3 g4+ (30... Rc6 31. Re8 g4+ 32. Ke3 Kd7 33.
Rb8 Kc7 $11) 31. Ke3 Kc6 32. Rb8 Nd5+ (32... Rh7 33. f4 gxf3 34. gxf3 $11) 33.
Bxd5+ Kxd5 34. c4+ (34. Rxb7 f4+ 35. Kd3 e4+ 36. Ke2 Ra6 37. Rb2 Kxc5 38. g3
fxg3 39. fxg3 Rf6 $11) 34... Kxc4 35. Rxb7 Kxc5 36. Rf7 Ra6 37. Rxf5 Kd5 38.
Rg5 (38. Rg5 Ra4 39. Ke2 Rxa2+ $11) 1/2-1/2

[Event "Moscow Aeroflot op-A"]
[Site "Moscow"]
[Date "2005.02.20"]
[Round "6"]
[White "Sutovsky, Emil"]
[Black "Kharlov, Andrei"]
[Result "1/2-1/2"]
[WhiteElo "2669"]
[BlackElo "2614"]
[PlyCount "83"]
[EventDate "2005.02.15"]
[EventType "swiss"]
[EventRounds "9"]
[EventCountry "RUS"]
[SourceTitle "CBM 106"]
[Source "ChessBase"]
[SourceDate "2005.06.06"]
[SourceVersion "1"]
[SourceVersionDate "2005.06.06"]
[SourceQuality "1"]

1. e4 c5 2. Nf3 Nc6 3. Nc3 e5 4. Bc4 Be7 5. d3 Nf6 6. Ng5 O-O 7. f4 d5 8. Nxd5
Nxd5 9. Bxd5 exf4 10. Nxf7 Rxf7 11. O-O Qe8 12. Bxf4 Kh8 13. Bxf7 Qxf7 14. Bg5
Qe8 15. Bxe7 Qxe7 16. c3 Be6 17. Qa4 Rd8 18. Rad1 Bg4 19. Rd2 h6 20. Qb3 Be6
21. Qd1 Qg5 22. b3 Qe3+ 23. Kh1 Bg4 24. Qe1 Qg5 25. Qf2 Qe5 26. h3 Bh5 27. Rc1
Bg6 28. Qe3 Kh7 29. Kg1 a5 30. Kh1 a4 31. bxa4 c4 32. d4 Qxe4 33. Qxe4 Bxe4 34.
Re1 Bd5 35. Rb2 Rd7 36. Rb5 Kg8 37. Kg1 Kf7 38. a5 Na7 39. Rb6 Nc8 40. Rb5 Na7
41. Rc5 Nc6 42. Rb5 1/2-1/2

[Event "RUS-chT"]
[Site "Sochi"]
[Date "2005.04.26"]
[Round "8"]
[White "Kharlov, Andrei"]
[Black "Volzhin, Alexander"]
[Result "1/2-1/2"]
[WhiteElo "2628"]
[BlackElo "2531"]
[Annotator "Huzman"]
[PlyCount "76"]
[EventDate "2005.04.19"]
[EventType "team"]
[EventRounds "11"]
[EventCountry "RUS"]
[SourceTitle "CBM 107"]
[Source "ChessBase"]
[SourceDate "2005.08.01"]
[SourceVersion "1"]
[SourceVersionDate "2005.08.01"]
[SourceQuality "1"]

1. d4 d5 2. c4 c6 3. Nf3 Nf6 4. Qc2 dxc4 5. Qxc4 Bf5 6. g3 Nbd7 7. Bg2 Nb6 8.
Qb3 Qd5 9. Nbd2 Qxb3 (9... e6 10. O-O Be7 11. e3 (11. Qd1 Rd8 12. b3 Ne4 13.
Bb2 Bf6 14. e3 O-O 15. Qe2 Bg6 $11 {1-0 Akobian,V-Nadanian,A/Yerevan 1999/CBM
74 (47)}) 11... O-O 12. Ne5 Qxb3 13. Nxb3 Bd6 14. Na5 Rab8 15. Nac4 Nxc4 16.
Nxc4 Bc7 17. b3 {1/2-1/2 Adamski,J-Stempin,P/Krynica 1998/EXT 2002 (17)}) 10.
Nxb3 e6 (10... Nc4 11. Nc5 O-O-O 12. b3 Nd6 13. Ne5 g6 14. Bb2 Bg7 15. Rc1 Ng4
16. e4 Nxe5 17. dxe5 Bg4 18. f3 Bd7 19. Nxd7 Rxd7 20. Ke2 Ne8 21. f4 $16 {
1-0 Gheorghiu,F-Shabtai,R/Biel 1991/EXT 2000 (62)}) 11. O-O Be4 12. Na5 (12.
Nc5 Bxc5 13. dxc5 Nbd7 14. Be3 Nd5 15. Bd4 f6 16. Rac1 e5 $15 {1/2-1/2
Krasenkow,M-Kharlov,A/Elista 1995/CBM 50 (41)}) (12. Bg5 h6 13. Bxf6 gxf6 14.
Nbd2 Bxf3 15. Bxf3 f5 16. e3 Nd5 17. Rfc1 Bd6 18. Nc4 Bc7 19. Kf1 Ke7 20. Ke2
Rhd8 $11 {1-0 Safin,S-Al Sayed,M/Doha 2003/CBM 94 (50)}) 12... Bxf3 (12...
O-O-O $5 13. Ne5 Bxg2 14. Kxg2 Bb4 (14... Rxd4 15. Nb3 (15. Nxf7 Rg8 16. Be3
Re4 17. Nb3 Nbd5 $15) 15... Re4 (15... Rd5 16. Nxf7 Rg8 17. f3 Nc4 18. e4 Rd3
19. Ng5 e5 20. Rf2 b5 $11) 16. Nxf7 Rg8 17. Rd1 Be7 18. Nd4 $16 {[%csl Re4]} c5
19. Nb5 Rb4 20. Nbd6+ Kc7 21. Be3) 15. Naxc6 bxc6 16. Nxf7 (16. Nxc6 Be7 17.
Nxd8 Rxd8 18. e3 $14) 16... Rhf8 17. Nxd8 Rxd8 18. e3 $14) 13. Bxf3 O-O-O 14.
Rd1 (14. Nb3 Be7 15. e4 $14) 14... Bb4 (14... e5 15. Bxc6 (15. Bg5 exd4 16.
Bxf6 gxf6 17. Nb3 Nc4 18. Rab1 c5 (18... f5 19. Nxd4 Bg7 20. Nxf5 Bxb2 21. Bh5
Rxd1+ 22. Rxd1 f6 23. Bf7 $14) 19. Nxc5 Bxc5 20. Rbc1 b5 21. b3 $14) 15... bxc6
16. Nxc6 Rd7 17. Nxe5 Rc7 18. f3 Bd6 19. Nd3 Nfd7 20. e4 $44) 15. Nb3 e5 16.
Bg5 h6 17. Bxf6 gxf6 18. Rac1 $14 {[%csl Rf6,Rf7] White have clear advanage
due to weak pawns f6 and f7 even in the endgame with opposite colour bishops.}
Kb8 (18... Na4 19. a3 (19. d5 Nxb2 20. Rf1 Kc7 21. dxc6 b5 $11) 19... Be7 20.
Bg4+ (20. Rc2 f5 21. Bh5 Rhf8 22. e3 $14) 20... Kb8 21. Rc2 $14) 19. e3 Nc8 20.
Bh5 (20. a3 $5 Be7 (20... Bd6 21. d5 cxd5 22. Bxd5 Rd7 23. Na5 $16) 21. d5 $1
cxd5 22. Bxd5 Nd6 23. Nc5 $16) 20... Rhf8 21. dxe5 Rxd1+ 22. Rxd1 fxe5 23. Rd7
f5 (23... Nb6 $5 24. Rxf7 Rxf7 25. Bxf7 Na4 26. f4 exf4 (26... Nxb2 27. fxe5 c5
28. Kf1 Kc7 29. Ke2 b5 $132)) 24. a3 Bd6 25. Kg2 $6 ({White had to fix
weakness on f5.} 25. f4 $1 exf4 (25... e4 26. h3 $16 {[%cal Gg3g4]}) 26. exf4
Rf6 27. Be2 Nb6 28. Rh7 Nd5 29. Bd3 $16 {[%csl Rf5]}) 25... Rf6 26. f4 Nb6 27.
Rh7 Nc4 $1 $132 28. fxe5 Nxe5 (28... Bxe5 $5 29. Nc5 Kc8 30. Bf7 Nd6 31. Be6+
Kd8 $11) 29. Be2 a6 30. a4 Ng4 $132 {[%csl Re3]} 31. Na5 Bc7 32. Nc4 b5 $11 33.
h3 bxc4 34. hxg4 fxg4 35. Bxg4 Rg6 36. Kf3 Be5 $1 37. Re7 Bxb2 38. Re6 $11 Rxe6
1/2-1/2